000
00215nam a2200097 a 4500
005
20200929163301.0
008
091126s1983 000 spa d
245
0
_a
Otros cuentos.
260
_c
1983.
999
_c
13221
_d
13221
040
_a
DO-SdBNP